[Event "ESP-chT"]
[Site "Sanxenxo"]
[Date "2004.11.25"]
[Round "8"]
[White "Suba, Mihai"]
[Black "Corral Blanco, Juan Antonio"]
[Result "1-0"]
[WhiteElo "2516"]
[BlackElo "2446"]
[Annotator "Ftacnik,L"]
[PlyCount "119"]
[EventDate "2004.11.18"]
[EventType "team"]
[EventRounds "9"]
[EventCountry "ESP"]
[SourceTitle "CBM 105"]
[Source "ChessBase"]
[SourceDate "2005.04.11"]
[SourceVersion "1"]
[SourceVersionDate "2005.04.11"]
[SourceQuality "1"]

1. Nf3 Nf6 2. c4 b6 3. g3 Bb7 4. Bg2 e6 5. O-O Be7 6. Nc3 O-O 7. Re1 d5 8. cxd5
exd5 9. d4 Na6 10. Bg5 Ne4 11. Bxe7 Qxe7 12. Rc1 Rfe8 {Black does not have to
fight with great problems in this line, all his pieces are working in harmony.}
(12... Rfd8 13. Ne5 (13. e3 c5 14. Qa4 Nb4 15. Red1 a5 16. dxc5 bxc5 17. Qa3
Nd6 18. b3 Qf6 19. Ne1 d4 20. exd4 Bxg2 21. Kxg2 cxd4 22. Nb1 d3 23. Nf3 {
Suba,M-Spassov,L/Sochi 1977/ 1/2-1/2 (41)}) 13... c5 14. Qa4 cxd4 15. Qxd4 Nac5
16. Nd3 Ne6 17. Qe5 Nxc3 18. Rxc3 d4 19. Bxb7 Qxb7 20. Rc2 h6 21. h4 {Spassov,
L-Kestler,H/Moscow 1977/EU-chT/1-0 (59)}) (12... c5 13. e3 Nc7 14. Qa4 Nxc3 15.
bxc3 Ne6 16. Qa3 Rfe8 17. Ne5 a6 18. Rb1 b5 19. Qa5 c4 20. a4 f6 21. Nf3 Qc7 {
1/2-1/2 Marin,M-Itkis,B/Bucharest 1997/ (24)}) 13. a3 c5 14. dxc5 Nxc3 (14...
Naxc5 15. Nxd5 Qd6 16. Nf4 $14) 15. Rxc3 bxc5 16. Rd3 Nc7 (16... Qf6 17. e3
Rad8 $11) 17. b4 {Suba decides to fight the nice black's pawn duo in the
center, but the concept can not promise him advantage.} cxb4 (17... c4 18. Re3
Qf6 19. Rxe8+ Rxe8 20. e3 Nb5 $11) 18. axb4 Ba6 19. Rd4 (19. Rb3 Bc4 20. Rb2
Nb5 $11) 19... Nb5 20. Rg4 Bc8 $6 {Corral Blanco has not decided to brave the
dangerous line starting with 20...Nc3!?, but black seems to be slightly better.
} (20... Nc3 $5 21. Qd2 (21. Qd4 f5 22. Rg5 Nxe2+ 23. Rxe2 Bxe2 24. Qxd5+ Kh8
25. Ne5 Qxe5 26. Qxe5 Rxe5 27. Bxa8 g6 $19) 21... Nxe2+ 22. Kh1 Rab8 23. Bf1
Rb6 $15) 21. Rh4 Nc3 $2 (21... Nc7 22. Qd3 h6 23. Rc1 $14) 22. Qd3 Ne4 (22...
Nxe2+ 23. Kf1 $18) 23. Qxd5 Bb7 24. Qa5 {Black has lost a pawn and faces an
uphill struggle for a draw.} Rab8 25. Rh5 (25. Nd4 Nf6 26. Bc6 $16) 25... f6
26. Qxa7 (26. Qa2+ Qf7 (26... Kh8 27. Nh4 $16) 27. Qxf7+ Kxf7 28. Ra1 a6 29.
Rxh7 Nc3 30. Rh4 $14) 26... Qxb4 27. Qa2+ Kh8 (27... Kf8 28. Rxh7 $18) 28. Rb1
$6 (28. Qa5 Ba8 29. Qxb4 Rxb4 30. Ra5 $16) 28... Qd6 $2 {Both players are
ignoring the great tactical shot 28...Bd5! with fair chances for a draw.} (
28... Bd5 $1 29. Rxb4 Bxa2 30. Rxb8 Rxb8 31. Bh3 g6 32. Ra5 Bc4 $14) 29. Nh4 h6
(29... Qe6 30. Qxe6 Rxe6 31. Rhb5 $18) 30. Qf7 Qd2 (30... Rg8 31. Ng6+ Kh7 32.
Ne7 Qd2 (32... Rgf8 $2 33. Rxh6+ Kxh6 34. Qg6#) 33. Nxg8 Rxg8 34. Qxb7 $18) 31.
Nf5 $6 {White misses an easy win with 31.Ng6!} (31. Ng6+ Kh7 32. Nf4 $1 Rf8 33.
Rxh6+ Kxh6 34. Qg6# (34. Qh5#)) 31... Rg8 32. Rxh6+ (32. Qg6 Nxf2 33. Nxh6 Nh3+
34. Kf1 Bxg2+ 35. Kxg2 Nf4+ 36. Kf3 Qxe2+ 37. Kxf4 Qf2+ 38. Kg4 $18) 32... gxh6
33. Bxe4 Bxe4 (33... Qg5 34. Rxb7 Rxb7 35. Qxb7 $18) 34. Qxf6+ Kh7 35. Qe7+ Kg6
(35... Kh8 36. Qe5+ Kh7 37. Qxe4 $18) 36. Qxe4 Rxb1+ 37. Qxb1 {The outcome of
fine combination is unusual position with three extra connected pawns for an
exchange. Black is doomed to suffer till the end.} Kf6 38. e4 Rc8 (38... Rb8
39. Qxb8 Qe1+ 40. Kg2 Qxe4+ 41. Kh3 Qxf5+ 42. g4 Qe6 43. Qf4+ Kg7 44. Qe3 $18)
39. Qb6+ Ke5 (39... Kf7 $2 40. Qb7+ $18) 40. Qb5+ (40. f4+ Kxe4 41. Qe6+ Kd3 (
41... Kf3 42. Nh4#) 42. Qxc8 $18) 40... Ke6 (40... Kxe4 41. f3+ Kxf3 42. Nh4+
Ke3 43. Qe5+ Kd3 44. Qf5+ Ke3 45. Qe6+ Kd3 46. Qxc8 $18) 41. Qb6+ Kd7 42. Qb5+
Kc7 (42... Ke6 43. Kg2 $18) 43. Kg2 Rd8 44. Qe5+ Kb7 45. Qg7+ Rd7 46. Qxh6 $18
{With four extra pawns even direct mathematics of material work wonders for
white.} Qb4 47. Qf4 Rd1 48. Ne3 Rc1 49. Qf7+ Kb8 50. Qe8+ Kb7 51. h4 Qd2 52.
Qb5+ Kc8 53. h5 Qd6 54. Qb2 Rc6 55. Nf5 Qc7 56. h6 Re6 57. Qh8+ Qd8 58. Qxd8+
Kxd8 59. h7 Re8 60. Nh6 1-0

[Event "USA-ch"]
[Site "Seattle"]
[Date "2000.10.04"]
[Round "9"]
[White "Yermolinsky, Alex"]
[Black "Gulko, Boris F"]
[Result "1-0"]
[WhiteElo "2596"]
[BlackElo "2643"]
[Annotator "Ftacnik,L"]
[PlyCount "69"]
[EventDate "2000.09.25"]
[EventType "tourn"]
[EventRounds "11"]
[EventCountry "USA"]
[EventCategory "14"]
[SourceTitle "CBM 080"]
[Source "ChessBase"]
[SourceDate "2001.01.25"]
[SourceVersion "1"]
[SourceVersionDate "2001.01.25"]
[SourceQuality "1"]

1. d4 Nf6 2. c4 e6 3. Nf3 b6 4. g3 Bb7 5. Bg2 Be7 6. Nc3 Ne4 7. Bd2 O-O 8. d5
f5 9. Qc2 Nd6 10. Bf4 Na6 (10... Nxc4 11. Nb5 Bb4+ 12. Kf1 Bxd5 13. Nxc7 Nc6
14. Nxd5 exd5 15. Ng5 $14) 11. O-O Nxc4 12. dxe6 Nb4 (12... dxe6 13. Qb3 Bd5 (
13... Nd6 14. Qxe6+ Kh8 15. Rfd1 $14) 14. Nxd5 exd5 15. Nd4 Qd7 (15... Nc5 16.
Qf3 $16) 16. Qb5 Qxb5 17. Nxb5 Rad8 18. b3 $14) 13. Qc1 (13. Qb3 Na5 14. Qa4
dxe6 $15) 13... d5 {The whole opening line is pretty double edged, but black
is not without chances for the equality.} (13... dxe6 14. Rd1 (14. Nb5 Nd6 15.
Nxc7 Rc8 16. Qd2 Qxc7 17. Qxb4 $11) 14... Nd5 15. Nd4 Qc8 16. Nxe6 Nxf4 17.
Qxf4 $16) 14. b3 Na5 (14... Nd6 15. a3 Na6 16. Ne5 $36) 15. Ne5 Rf6 $6 (15...
c5 $5 16. Rd1 Bf6 $13) 16. Qb1 $1 d4 (16... c5 17. a3 Na6 18. Rd1 $14) 17. Bxb7
Nxb7 (17... dxc3 18. Bxa8 Qxa8 19. a3 $18) 18. Rd1 c5 (18... Rxe6 19. Qxf5 Rf6
20. Qg4 Bd6 $1 (20... Nc5 21. Rac1 $16) 21. Ne4 Bxe5 22. Bxe5 Rg6 23. Qf3 Nc6
$11) 19. e3 Rxe6 (19... Nd5 20. Nxd5 Qxd5 21. exd4 cxd4 22. Qb2 Rd8 23. Nf7 Re8
24. Rxd4 Qxe6 25. Ng5 $14) 20. Qxf5 Rf6 21. Qg4 Nd6 $2 {[%mdl 8192] Tactically
horrible move that runs into small, but very convincing and decisive
combination.} (21... Bd6 $1 22. exd4 cxd4 23. Nb5 $14) 22. exd4 cxd4 (22... Qe8
23. dxc5 bxc5 24. Nd5 Nxd5 25. Rxd5 $16) 23. Rxd4 Nc2 (23... Qc8 24. Rc1 Nc6
25. Qxc8+ Rxc8 26. Nd5 Nxd4 27. Nxe7+ Kh8 28. Nxc8 Ne2+ 29. Kg2 Nxc1 30. Nxd6
$18) 24. Nc6 Qf8 (24... Nxd4 25. Nxd8 Rxd8 26. Nd5 $18) 25. Nxe7+ Qxe7 26. Nd5
{The second knight fork is decisive, black will not be able to profit from the
knight on c2.} (26. Bxd6 Rxd6 27. Rxd6 Nxa1 (27... Qxd6 28. Qe4 Nxa1 29. Qxa8+
Kf7 30. Qxa7+ $18) 28. Ne4 Rf8 29. Rd7 Qe5 30. Rxa7 $18) 26... Qf7 27. Nxf6+
Qxf6 28. Rxd6 (28. Rdd1 $1 Nxa1 29. Rxd6 Qb2 30. Qe6+ Kh8 31. Be5 $18) 28...
Qxa1+ 29. Rd1 Qf6 (29... Qxa2 $2 30. Be5 $18) 30. Qd7 Rf8 (30... Nb4 31. a3 Nc6
32. Qd5+ Kh8 33. Rc1 Rc8 34. Qd7 $18) 31. Qd3 Rc8 $6 (31... Nb4 32. Qc4+ $18) (
31... Qc6 $1 32. Qd5+ Qxd5 33. Rxd5 $16) 32. Qd5+ Kh8 (32... Qf7 33. Qxf7+ Kxf7
34. Rd7+ $18) 33. Be5 Qg6 34. Qd8+ Qe8 35. Qd7 (35. Qd7 Qxd7 36. Rxd7 Rg8 37.
Rxa7 $18) 1-0

[Event "Bundesliga 0506"]
[Site "Germany"]
[Date "2005.12.11"]
[Round "6.4"]
[White "Schebler, Gerhard"]
[Black "Huebner, Robert"]
[Result "1-0"]
[WhiteElo "2474"]
[BlackElo "2637"]
[Annotator "Ftacnik,L"]
[PlyCount "53"]
[EventDate "2005.10.21"]
[EventType "team-tourn"]
[EventRounds "15"]
[EventCountry "GER"]
[SourceTitle "CBM 111"]
[Source "ChessBase"]
[SourceDate "2006.04.04"]
[SourceVersion "1"]
[SourceVersionDate "2006.04.04"]
[SourceQuality "1"]
[WhiteTeam "Muelheim Nord"]
[BlackTeam "Baden-Baden"]
[WhiteTeamCountry "GER"]
[BlackTeamCountry "GER"]

1. Nf3 {Kortschnoj} Nf6 2. g3 b6 3. Bg2 Bb7 4. O-O e6 5. c4 Be7 6. d4 O-O 7. d5
exd5 8. Nh4 {Kortschnoj: 'This line was invented by L. Polugaevsky in 1980 and
applied against me with success in the match in Buenos-Aires.'} c6 9. cxd5 Nxd5
{Kortschnoj: 'Less pretentious is 9...cxd5 - after recapturing the pawn d5
white will get a slight edge. '} 10. Nf5 Nc7 11. e4 d5 12. Re1 {Kortschnoj:
'This position is well known - whatever black is playing now white retains a
solid compensation for the pawn.'} Bc5 $2 {Schebler has found the courage to
play a line, which faded from the limelight without a clear conclusion about
the chances for both sides. In the position after 12.Re1 the second players
have been playing several moves with mixed results. Huebner was not suspecting,
that his "novelty" 12...Bc5? would turn out to be so bad.  Kortschnoj: 'It is
an unlucky attempt to avoid the main theoretical lines. 12...Bf6 or 12...d4
promise the safest ways for black to achieve the equilibrium.'} (12... Bf6 13.
e5 Be7 14. Qg4 g6 15. Nc3 Bc8 16. Nxe7+ Qxe7 17. Qd1 Re8 18. h4 f6 19. Bf4 (19.
Bxd5+ $1 $16) 19... f5 20. e6 Nba6 $15 {0-1 Raheb,D-Rozentalis,E/Montreal 2000/
(35)}) (12... d4 13. Qg4 (13. Nxd4 c5 14. Nf5 Nc6 15. e5 Qxd1 16. Rxd1 Rfd8 17.
Bd2 Bf8 18. Nc3 Ne6 19. Nb5 Rab8 20. Bc3 $16 {1/2-1/2 Piket,J-Almasi,Z/Monte
Carlo 2002/ (28)}) 13... g6 14. e5 Bc8 15. Nxe7+ Qxe7 16. Qxd4 Rd8 17. Qe3 Nd5
18. Qh6 Nd7 19. e6 fxe6 20. Bg5 Qf8 21. Qh4 {1-0 Mamedyarov,S-Palo,D/
Chalkidiki 2001/ (35)}) 13. b4 $1 {[%mdl 128] This comes very close to be a
direct refutation of the move 12...Bc5?  Kortschnoj: 'The refutation, frankly
not a too complicated one, of the bishop's move - black is not able to take on
b4 because of 14.Qd4 Qf6 15.Qb4 Qa1 16.Bb2 Qa2 17.Ne7 or 16...c5 17.Qb3,
winning.'} Qf6 (13... Bxb4 14. Qd4 Qf6 15. Qxb4 Qxa1 16. Bb2 c5 (16... Qxa2 17.
Ne7+ Kh8 18. Ng6+ hxg6 19. Qxf8+ Kh7 20. Qxg7#) 17. Qd2 Qxa2 18. Ne7+ Kh8 19.
Bxg7+ Kxg7 20. Qg5+ Kh8 21. Qf6#) (13... Be7 14. Bb2 Bf6 15. e5 $40) 14. bxc5
Qxa1 15. Bd2 {Kortschnoj: 'A subtle continuation of the assault.'} (15. Qb3 $5
Qf6 16. Bb2 Qd8 17. Bxg7 Bc8 18. Bxf8 Qxf8 19. Qf3 $16) 15... Qxa2 (15... Ne6
16. Bc3 Qxa2 17. Bxg7 Re8 18. Be5 $18) 16. Bh6 (16. Qg4 g6 17. Ne7+ Kg7 18. Qf4
$18) 16... Bc8 (16... Ne8 17. Bxg7 Bc8 18. Bxf8 Kxf8 (18... Bxf5 19. Bh6 (19.
exf5 Kxf8 20. Qh5 Nd7 21. Qh6+ Kg8 22. Qxc6 $18) 19... Bg6 20. exd5 $18) 19.
Qh5 $18) 17. Nxg7 Qb2 18. Nh5 Be6 (18... bxc5 19. Bxf8 Kxf8 20. exd5 $18) 19.
Bf4 Nd7 20. Bxc7 Rfe8 21. Re2 Qa1 22. Qd2 Kh8 23. Re1 f6 24. Nc3 Qa5 25. Nxf6
Nxf6 26. Be5 Kg8 27. Qg5+ 1-0

[Event "HUN-ch 56th"]
[Site "Szekesfehervar"]
[Date "2006.03.03"]
[Round "3"]
[White "Ruck, Robert"]
[Black "Cao, Sang"]
[Result "1/2-1/2"]
[WhiteElo "2540"]
[BlackElo "2543"]
[Annotator "Ftacnik,L"]
[PlyCount "86"]
[EventDate "2006.03.01"]
[EventType "tourn"]
[EventRounds "9"]
[EventCountry "HUN"]
[EventCategory "13"]
[SourceTitle "CBM 112"]
[Source "ChessBase"]
[SourceDate "2006.06.07"]
[SourceVersion "1"]
[SourceVersionDate "2006.06.07"]
[SourceQuality "1"]

1. Nf3 Nf6 2. c4 b6 3. g3 Bb7 4. Bg2 e6 5. O-O Be7 6. Nc3 O-O 7. Re1 d5 8. cxd5
exd5 9. d4 Re8 10. Bf4 Na6 11. Rc1 c5 12. dxc5 bxc5 13. Qb3 Qb6 14. Ne5 (14.
Qxb6 axb6 15. Ne5 Bd8 16. Nc4 Re7 17. Nd6 Bc6 18. Nf5 Re6 19. e3 g6 20. Nh6+
Kg7 21. h4 {1-0 Diaz Nunez,A (2176)-Petkov,V (2375)/Ortigueira 2004/ (46)})
14... Bf8 $6 {The position is quite difficult for black, so the simple retreat
of the knight is not sufficient for solving the problems.} (14... Qxb3 15. axb3
h6 (15... Ne4 16. Red1 Rad8 17. Nxe4 dxe4 18. Nc4 Bd5 19. Bh3 Bc6 20. Nd6 Bxd6
21. Rxd6 Bb5 22. Rxd8 Rxd8 23. Kf1 {1-0 Khalifman,A (2650)-Stefansson,H (2555)/
Aarhus 1997/ (70)}) 16. Nd3 g5 17. Bd2 Rab8 18. Na4 d4 19. Bxb7 Rxb7 {1/2
Kengis,E (2570)-Almasi,Z (2650)/Bern 1996/}) 15. Qxb6 axb6 16. Nc4 $1 Re6 (
16... dxc4 17. Bxb7 Ra7 18. Bc6 Rd8 19. Nb5 Re7 20. a3 $16) 17. Ne3 Rae8 (17...
Rd8 $6 18. Rcd1) 18. Nexd5 {Ruck is spoiled for choice, his advantage might
have also been significant after 18.Rcd1!?} (18. Rcd1 $5 c4 19. a3 Nc5 20.
Ncxd5 Nxd5 21. Bxd5 Bxd5 22. Rxd5 c3 23. bxc3 Ne4 24. c4 Bxa3 25. Kg2 $16)
18... Nxd5 19. Nxd5 Rxe2 20. Rxe2 Rxe2 21. Nc3 $6 {White is missing the
magnificant idea 21.a3! completely paralysing the knight on a6 with critical
situation for the defender.} (21. Nf6+ $2 gxf6 22. Bxb7 Nb4 23. Rb1 Nd3 $11) (
21. a3 $1 Re6 (21... Rxb2 22. Nf6+ gxf6 23. Bxb7 b5 24. Bxa6 c4 25. a4 $18) (
21... Bc8 22. Nxb6 Bg4 23. Bf1 Re6 24. Nd7 $18) 22. Nf6+ Rxf6 23. Bxb7 b5 24.
Bg2 $16) 21... Re7 22. Rd1 (22. Bxb7 Rxb7 23. Rd1 f6 24. a3 Kf7 $14) 22... Nb4
(22... Bxg2 23. Kxg2 f6 24. h4 $16) 23. Bxb7 Rxb7 24. Rd8 {White is still much
better, but Cao Sang can now try to build up serious resistance.} Nc6 25. Rc8 (
25. Ra8 Ne7 26. Bd6 Ng6 (26... Rd7 27. Nd5 Ng6 28. Bxf8 Nxf8 29. Nxb6 $18) 27.
Kg2 f6 28. Ne4 $16) 25... Ne7 26. Ra8 f6 27. Nb5 (27. Bd6 Kf7 (27... Rd7 28.
Bxe7 Rxe7 29. Rb8 Re6 30. Nd5 Re2 31. Rxb6 $16) 28. Ne4 $16) 27... g5 28. Bd6
Kg7 29. Kg2 Ng6 30. Bc7 (30. Bxf8+ Nxf8 31. Nd6 Rd7 32. Ne8+ Kf7 33. Nxf6 Rd2
34. Ne4 Rxb2 35. Nxg5+ Kg6 36. Nf3 $16) 30... Ne5 31. Ra6 (31. Bxe5 fxe5 32.
Na3 e4 33. Ra4 Re7 34. Ra6 e3 35. fxe3 Rxe3 36. Rxb6 Re2+ 37. Kf3 Rxh2 38. Nc4
h5 39. a4 $16) 31... Nd3 32. b3 Nb4 $1 {Black´s survival chances have improved
significantly.} 33. Ra8 (33. Rxb6 Rxb6 34. Bxb6 Nxa2 $11) 33... Nc6 34. Rc8 (
34. Kf3 Nd4+ 35. Nxd4 cxd4 36. Rc8 Bc5 $14) 34... Nd4 $5 {The defender is
getting out of the grip and the drawing dream is now within reach.} 35. Nxd4 (
35. Nd6 Bxd6 36. Bxd6 Kg6 $11) 35... cxd4 36. Kf3 Bc5 37. Ke4 Kf7 38. a4 (38.
Bd8 h5 39. Kd3 $14) 38... Ke6 39. Bb8 Kd7 40. Rh8 Kc6 41. Rc8+ (41. g4 Re7+ 42.
Kd3 Re1 43. Rxh7 Rd1+ 44. Kc2 Re1 $11) 41... Kd7 42. Rh8 Kc6 43. Rc8+ Kd7
1/2-1/2

[Event "DEN-ch"]
[Site "Nyborg"]
[Date "2001.04.11"]
[Round "5"]
[White "Pedersen, Steffen"]
[Black "Pilgaard, Kim"]
[Result "0-1"]
[WhiteElo "2463"]
[BlackElo "2413"]
[Annotator "Ftacnik,L"]
[PlyCount "70"]
[EventDate "2001.04.07"]
[EventType "tourn"]
[EventRounds "9"]
[EventCountry "DEN"]
[EventCategory "8"]
[SourceTitle "CBM 083"]
[Source "ChessBase"]
[SourceDate "2001.07.05"]
[SourceVersion "1"]
[SourceVersionDate "2001.07.05"]
[SourceQuality "1"]

1. d4 Nf6 2. c4 e6 3. Nf3 b6 4. g3 Bb7 5. Bg2 Be7 6. Nc3 O-O 7. Qc2 c5 8. d5
exd5 9. Ng5 g6 10. h4 (10. Nh3 Nc6 (10... Na6 11. Qd1 Nc7 12. cxd5 d6 13. Nf4
b5 14. h4 b4 15. Nb1 Re8 16. O-O Bf8 {1/2-1/2 Flumbort,A-Soltanici,R/Oropesa
del Mar/ 1998/ (44)}) 11. cxd5 Nb4 12. Qd1 d6 13. Nf4 Nd7 14. O-O Bf6 15. a3
Na6 16. Ne4 Bg7 17. Rb1 Re8 {1/2-1/2 Bukic,E-Kristinsson,J/Vrnjacka Banja/1972/
(33)}) (10. Qd1 d6 11. cxd5 Na6 12. O-O Nd7 13. Nf3 Nc7 14. a3 Bf6 15. e4 b5
16. Bf4 Nb6 17. Re1 a5 18. Qc2 Bg7 19. Rad1 {1/2-1/2 Kortschnoj,V-Karpov,A/
Moscow/1974/ (67)}) (10. Qd2 Na6 11. h4 Nc7 12. h5 gxh5 13. cxd5 d6 14. b3 b5
15. Rh2 b4 16. Nce4 Ncxd5 17. Nxh7 Nxh7 18. Qh6 {1-0 Gomez Esteban,J-Andruet,G/
Rome/1984/ (18)}) (10. cxd5 d6 (10... Na6 11. Nh3 Nc7 12. e4 d6 13. O-O b5 14.
a4 b4 15. Nd1 Ba6 16. Re1 Nd7 17. f4 Bf6 18. Be3 Re8 19. Rc1 c4 {0-1 Speer,
A-Vogt,A/Halle/1991/ (35)}) 11. h4 (11. O-O Na6 (11... Nbd7 12. f4 b5 13. Nxb5
Bxd5 14. e4 Bb7 15. Nc3 Qb6 16. Na4 Qb4 17. Bd2 Qd4+ 18. Kh1 Ba6 19. Bc3 Qd3 {
1/2-1/2 Guseva,O-Tabrina,A/Kazan/2001/ (62)}) 12. f4 Nc7 13. e4 b5 14. Rd1 b4
15. Ne2 a5 16. a4 Nce8 17. e5 Ng4 18. Ne4 {1-0 Horvath,C-Guimaraes,R/Lisbon/
2000/ (43)}) 11... Bc8 12. h5 Bf5 13. e4 Bd7 14. hxg6 fxg6 15. e5 Bf5 16. Qe2
Ng4 17. Ne6 Qc8 18. Nxf8 Bxf8 19. e6 {1-0 Stohl,I-Vuruna,M/Vrnjacka Banja/1989/
(29)}) 10... Nc6 11. cxd5 Nd4 12. Qd1 (12. Qd2 h5 13. e3 Nf5 14. e4 Nd4 15. O-O
d6 16. Ne2 Nxe2+ 17. Qxe2 Re8 18. Qd2 Ng4 19. f3 Ne5 20. f4 {1-0 Banhazi,
I-Somogyi,I/Budapest/2000/ (32)}) 12... Re8 13. h5 $6 {This extremely
aggressive approach fails due to white's underdevelopment and unstable
location of the king in the center.} (13. e3 Bf8 14. O-O Nf5 $13) 13... Nxh5
14. Nxh7 Kxh7 15. e3 (15. g4 Bh4 16. gxh5 Qf6 17. hxg6+ fxg6 18. O-O Rf8 $15)
15... Kg7 16. exd4 (16. g4 Nf4 $1 17. exf4 Bd6+ $17) 16... Bf6+ 17. Kf1 Bxd4
18. Qf3 (18. Bf3 Qf6 19. Bd2 Re5 $17) 18... Re5 $1 19. Kg1 (19. Bf4 Nxf4 20.
gxf4 Re8 21. Qg3 Qe7 $17) 19... Rf5 20. Qxf5 {Pedersen has to give up the
queen, but his compensation will be clearly insufficient.} (20. Bf4 Nxf4 21.
gxf4 Qb8 22. Rh4 Bf6 23. Rg4 Be5 $19) 20... gxf5 21. Rxh5 Qf6 22. Bd2 (22. Rh6
Qd8 (22... Qxh6 $6 23. Bxh6+ Kxh6 24. Re1 Bf6 25. Nb5 Kg6 26. Nd6 Ba6 $15) 23.
Bd2 Qe8 $19) 22... Rh8 $1 23. Rxh8 Kxh8 24. Bf3 a6 25. Kg2 b5 26. Re1 Kg7 27.
Re8 Be5 28. Ne2 (28. Nxb5 Bxb2 (28... axb5 29. Rxe5 d6 30. Re2 b4 31. a3 $17)
29. Nc7 c4 $19) 28... d6 29. b3 (29. Nf4 Kh7 30. Nh5 Qg6 31. Nf4 Qg5 $19) 29...
c4 30. bxc4 bxc4 31. Be3 (31. Nf4 Bxf4 32. Bxf4 c3 $19) 31... c3 32. Nc1 f4 33.
Bb6 fxg3 34. Ne2 (34. fxg3 Qg5 35. Ne2 c2 $19) 34... gxf2 35. Bd8 Qxf3+ 0-1